Statistiken für Songs von Queen plus Google Translate

Klicken Sie hier um das Quiz zu spielen!

Allgemein

  • Dieses Quiz wurde 96 mal gespielt
  • Das Durchschnittsergebnis liegt bei 6 aus 14

Antwortstatistiken

HintAntwort% Korrekt
We are winningWe are the champions
94%
Czech historyBohemian Rhapsody
72%
One was found in the soilAnother one bites the dust
59%
We shake it offWe will rock you
52%
Execution must continueThe show must go on
51%
I want to leave himI want to break free
43%
The King diedKiller Queen
41%
There is something stupid about loveCrazy little thing called love
30%
Girl's thick waistFat bottomed girls
28%
WheelsBicycle race
26%
A good old lovely boyGood old-fashioned lover boy
23%
The other is for loveSomebody to love
23%
Which is a skillA kind of magic
9%
Let go of the hookHammer to fall
7%

Verteilung der Resultate

Perzentil nach korrekt beantworteten Fragen

Anzahl Personen mit jedem Resultat

Ihre Resultats-Entwicklung

Sie haben dieses Quiz noch nicht gespielt